000 00716cam a22002533a 4500
001 28117
003 PGUSA
005 20140828083616.0
008 090218s2009||||xxu|||||s|||||000 | eng d
040 _aPGUSA
_beng
042 _adc
050 4 _aDS
100 1 _aJones, John P.
_q(John Peter),
_d1847-1916
245 1 0 _aIndia, Its Life and Thought
_h[electronic resource] /
_cJohn P. Jones
260 _bProject Gutenberg,
_c2009
506 _aPublic domain in the USA.
516 _aElectronic text
653 _aIndia -- Religion
653 _aMissions -- India
653 _aIndia -- Civilization
830 0 _aProject Gutenberg
_v28117
856 4 0 _uhttp://www.gutenberg.org/ebooks/28117
942 _cEB
999 _c257372
_d257372